[Event "HUN-chT2 Asztalos 0304"]
[Site "Hungary"]
[Date "2003.09.28"]
[Round "1"]
[White "Fulop, Csaba"]
[Black "Nagy, Gyorgy Daniel"]
[Result "0-1"]
[WhiteElo "2161"]
[BlackElo "2104"]
[PlyCount "80"]
[EventDate "2003.08.29"]
[EventType "team-tourn"]
[EventRounds "11"]
[EventCountry "HUN"]
[SourceTitle "EXT 2009"]
[Source "ChessBase"]
[SourceDate "2008.11.26"]
[SourceVersion "1"]
[SourceVersionDate "2008.11.26"]
[SourceQuality "1"]
[WhiteTeam "Pecs Karmin"]
[BlackTeam "Fehervar"]
[WhiteTeamCountry "HUN"]
[BlackTeamCountry "HUN"]

1. d4 Nf6 2. f4 d5 3. e3 c5 4. c3 cxd4 5. exd4 Bf5 6. Bd3 Bxd3 7. Qxd3 e6 8. Be3 Bd6 9. Nd2 Qc7 10. g3 Nc6 11. Ngf3 Rb8 12. 0-0 0-0 13. Ne5 b5 14. Rfc1 Rfc8 15. Kg2 Qe7 16. b4 Nd7 17. a4 bxa4 18. b5 Nd8 19. Rxa4 Nb6 20. Ra6 f6 21. Ng4 Nc4 22. Rca1 Na3 23. Ra5 Rc7 24. Bf2 Rcb7 25. f5 Nxb5 26. c4 dxc4 27. Nxc4 Nc6 28. R5a4 Nb4 29. Qd2 exf5 30. Re1 Qc7 31. Nxf6+ gxf6 32. Rxb4 Bxb4 33. Qxb4 Qc6+ 34. Kh3 Nxd4 35. Qd6 Qxd6 36. Nxd6 Nf3 37. Ra1 Rb2 38. Kg2 Nxh2 39. Kxh2 Rxf2+ 40. Kh3 Rbb2 0-1

[Event "HUN-chT2 Asztalos 0203"]
[Site "Hungary"]
[Date "2003.03.02"]
[Round "8"]
[White "Balazs, Imre"]
[Black "Fulop, Csaba"]
[Result "1-0"]
[WhiteElo "2112"]
[BlackElo "2144"]
[PlyCount "63"]
[EventDate "2002.09.22"]
[EventType "team-tourn"]
[EventRounds "11"]
[EventCountry "HUN"]
[SourceTitle "EXT 2009"]
[Source "ChessBase"]
[SourceDate "2008.11.26"]
[SourceVersion "1"]
[SourceVersionDate "2008.11.26"]
[SourceQuality "1"]

1. e4 c5 2. c3 d5 3. exd5 Qxd5 4. d4 e5 5. dxe5 Qxe5+ 6. Be2 Nf6 7. Nf3 Qc7 8. 0-0 Be7 9. Na3 a6 10. Nc4 b5 11. Ne3 0-0 12. a4 Rd8 13. Qc2 bxa4 14. Rxa4 Nd5 15. Nxd5 Rxd5 16. Bf4 Bd6 17. Qe4 Be6 18. Bc4 Nd7 19. Bxd5 Nf6 20. Bxd6 Qxd6 21. Qd3 Bxd5 22. c4 Qc6 23. Rfa1 Be4 24. Qa3 h6 25. Rxa6 Rxa6 26. Qxa6 Qc7 27. Qa7 Qf4 28. Qxc5 Ng4 29. Qd4 f5 30. h3 Nf6 31. Qe5 Nh5 32. Qe8+ 1-0

[Event "HUN-chT2 Asztalos 0203"]
[Site "Hungary"]
[Date "2002.10.13"]
[Round "2"]
[White "Fulop, Csaba"]
[Black "Kopasz, Robert"]
[Result "1/2-1/2"]
[WhiteElo "2144"]
[BlackElo "2328"]
[PlyCount "102"]
[EventDate "2002.09.22"]
[EventType "team-tourn"]
[EventRounds "11"]
[EventCountry "HUN"]
[SourceTitle "EXT 2009"]
[Source "ChessBase"]
[SourceDate "2008.11.26"]
[SourceVersion "1"]
[SourceVersionDate "2008.11.26"]
[SourceQuality "1"]

1. d4 Nf6 2. f4 c5 3. c3 b6 4. e3 Bb7 5. Nf3 g6 6. Bd3 Bg7 7. Qe2 0-0 8. 0-0 d6 9. e4 e6 10. Nbd2 Nc6 11. e5 Ne8 12. Ne4 cxd4 13. cxd4 Rc8 14. a3 Ne7 15. g4 Bxe4 16. Bxe4 Nc7 17. Bd2 Ncd5 18. Bd3 dxe5 19. dxe5 Nc6 20. Rac1 Qe7 21. Bb5 Nb8 22. Ng5 Rxc1 23. Rxc1 Bh6 24. Nh3 Rd8 25. g5 Bf8 26. Nf2 Qb7 27. Ne4 a6 28. Bc4 Be7 29. b4 b5 30. Bb3 Nc6 31. Qf2 Kg7 32. h4 Bf8 33. h5 Nce7 34. Nd6 Qa8 35. h6+ Kg8 36. Bc2 Nc6 37. Ne4 Kh8 38. Bb3 Nde7 39. Nd6 Kg8 40. Qb6 Rd7 41. Bd1 Nd8 42. Qf2 Nf5 43. Bf3 Qa7 44. Qxa7 Rxa7 45. Nxf5 exf5 46. Be3 Rd7 47. Rd1 Rxd1+ 48. Bxd1 Be7 49. Bf3 Kf8 50. Kf2 Ke8 51. Bd5 Kd7 1/2-1/2

[Event "Budapest FS12 FM"]
[Site "Budapest"]
[Date "2002.??.??"]
[Round "10"]
[White "Fulop, Csaba"]
[Black "Hoang, Tri"]
[Result "1-0"]
[WhiteElo "2155"]
[BlackElo "2080"]
[PlyCount "73"]
[EventDate "2002.12.??"]
[EventType "tourn"]
[EventRounds "11"]
[EventCountry "HUN"]
[SourceTitle "CBM 091 Extra"]
[Source "ChessBase"]
[SourceDate "2003.01.09"]
[SourceVersion "1"]
[SourceVersionDate "2003.01.09"]
[SourceQuality "1"]

1. d4 d5 2. f4 c5 3. e3 Nc6 4. c3 Bf5 5. Nf3 e6 6. Bd3 Bxd3 7. Qxd3 c4 8. Qc2 Nf6 9. Nbd2 Be7 10. 0-0 0-0 11. e4 b5 12. Ne5 Nxe5 13. fxe5 Nxe4 14. Nxe4 dxe4 15. Qxe4 Qd5 16. Qg4 Kh8 17. Bf4 f6 18. Rae1 f5 19. Qh5 Rg8 20. Bg5 Bxg5 21. Qxg5 b4 22. Rf3 bxc3 23. bxc3 Rab8 24. Ref1 Rb2 25. h4 Rxa2 26. h5 h6 27. Qe7 a5 28. Rg3 Rc2 29. Qa7 Ra2 30. Qf7 Rb2 31. Rg6 Rc2 32. Rxf5 Rxc3 33. Rf4 Rd3 34. Rfg4 c3 35. Rf6 Qd8 36. Qg6 c2 37. Qxh6+ 1-0

[Event "Balatonalmadi op-B"]
[Site "Balatonalmadi"]
[Date "1996.??.??"]
[Round "7"]
[White "Monda, Laszlo"]
[Black "Fulop, Csaba"]
[Result "1-0"]
[WhiteElo "2170"]
[BlackElo "2235"]
[PlyCount "59"]
[EventDate "1996.08.??"]
[EventType "swiss"]
[EventRounds "9"]
[EventCountry "HUN"]
[SourceTitle "EXT 2001"]
[Source "ChessBase"]
[SourceDate "2000.11.22"]
[SourceVersion "1"]
[SourceVersionDate "2000.11.22"]
[SourceQuality "1"]

1. d4 d5 2. Nf3 Nf6 3. Bg5 h6 4. Bf4 Bf5 5. e3 e6 6. Bd3 Bxd3 7. cxd3 Bd6 8. Ne5 Nbd7 9. Bg3 Nxe5 10. dxe5 Bb4+ 11. Ke2 Nd7 12. Qa4 c5 13. Rc1 Ba5 14. Rxc5 Bc7 15. f4 0-0 16. Rc2 a6 17. Nd2 f6 18. Qb3 b6 19. Rac1 Bb8 20. exf6 Qxf6 21. Nf3 g5 22. Rc8 gxf4 23. Bh4 Qg6 24. Rxf8+ Nxf8 25. g3 fxg3 26. Bxg3 Bxg3 27. Rg1 Kh7 28. Rxg3 Qf6 29. Qxb6 Ng6 30. Qb7+ 1-0

[Event "Veszprem SZT op"]
[Site "Veszprem"]
[Date "1995.??.??"]
[Round "?"]
[White "Fulop, Csaba"]
[Black "Dobos, Jozsef"]
[Result "0-1"]
[WhiteElo "2170"]
[BlackElo "2325"]
[PlyCount "68"]
[EventDate "1995.??.??"]
[EventType "swiss"]
[EventRounds "11"]
[EventCountry "HUN"]
[SourceTitle "EXT 2004"]
[Source "ChessBase"]
[SourceDate "2003.11.25"]
[SourceVersion "1"]
[SourceVersionDate "2003.11.25"]
[SourceQuality "1"]

1. d4 Nf6 2. Nf3 g6 3. c4 Bg7 4. Nc3 0-0 5. e4 d6 6. Bg5 c5 7. d5 a6 8. Be2 b5 9. cxb5 axb5 10. Bxb5 Nxe4 11. Nxe4 Qa5+ 12. Nc3 Bxc3+ 13. bxc3 Qxb5 14. Qe2 Qxe2+ 15. Kxe2 Ba6+ 16. Kd2 f6 17. Bh6 Re8 18. Kc2 Bc4 19. Rhd1 Rxa2+ 20. Rxa2 Bxa2 21. Ne1 Nd7 22. Kb2 Bc4 23. Nc2 Rb8+ 24. Kc1 Bb3 25. Rd2 Bxc2 26. Kxc2 Ne5 27. Re2 Kf7 28. Bc1 c4 29. Re4 Rc8 30. Ba3 Ra8 31. Bb2 Ra4 32. f4 Nd3 33. g3 f5 34. Re2 Ra5 0-1